| 000 | 004180000a22001690004500 | ||
|---|---|---|---|
| 003 | MACL | ||
| 005 | 20160108165421.0 | ||
| 008 | 160108b xxu||||| |||| 00| 0 eng d | ||
| 040 |
_aMACL _cMACL |
||
| 041 | _aEnglish | ||
| 082 | _a910/HOU | ||
| 100 |
_aHolmes, Peter _930055 |
||
| 245 | _aMountains of a Monastery | ||
| 260 |
_bGeoffrey Bles Ltd _c1958 _aLondon |
||
| 650 |
_aTravel _930056 |
||
| 942 |
_cBK _k910/HOL _2ddc |
||
| 999 |
_c35223 _d35223 |
||